| 000 | 00851nam a2200217 a 4500 | ||
|---|---|---|---|
| 003 | 0 | ||
| 005 | 20250301101500.0 | ||
| 008 | 100831s19uu xx 00 eng d | ||
| 050 |
_aPGS GV 1469.34.V56 _b.J95 2010 |
||
| 100 | _aJun, Ha Seol. | ||
| 245 |
_aEffects of playing violent computer games on students' aggressive behavior / _cHa Seol Jun. |
||
| 260 |
_aLas PiƱas City, Philippines : _bSouthville International School and Colleges, _c2010. |
||
| 300 |
_a23 pages : _billustrations ; _c28 cm. |
||
| 504 | _aIncludes bibliographical references. | ||
| 650 |
_aVideo games _vPsychological aspects. |
||
| 650 |
_aViolence in video games _vEffects on children. |
||
| 650 |
_aAggressiveness in children _vInfluence of media. |
||
| 650 |
_aMedia violence _vPsychological aspects. |
||
| 650 | _aComputer games and aggression. | ||
| 942 |
_2lcc _cPASS |
||
| 999 |
_c98325 _d98325 |
||